000 01456nam a2200301 c 4500
003 BLK
005 20221018151054.0
008 180409b bul|||||r ||||||| ||bul||
010 _aKNG00128353000
040 _aBLK
041 _aRUS
_cRUS
080 _aБългарска литература
_b821.163.2
_x-93-1
_z821.163.2-93-1
100 1 _aДаскалова, Лиана Георгиева
_eпърви автор
_9377018
700 1 _aАрсениев, Валентин Пантелеев
_9377161
700 1 _aАнастасов, Георги
_eхудож.
_9364356
139 _aДаскалова, Лиана Георгиева
_bД 24
245 1 0 _aКак в горах, в глуши лесной усмирился ветер злой
_bПоема за деца
_cЛиана Георгиева Даскалова; пер. с болг. Валентин Пантелеев Арсениев; худож. Георги Анастасов.
257 _aBGR
260 София
_bБолг. художник
_c1971
300 _a16 с.
_bс ил.
_c21 см
380 _aDX
500 _aОриг. загл. Как в големите гори злият вятър се усмири. - 60 113 тир.
852 _aЦб 254518
856 4 _qpdf
_u
856 4 _qpdf
_u
942 _cKNG
_n0
944 _aCR
_c06.03.2012
_l06.03.2012 - от С1,Р / 06.03.2012
_kВиолета_Тройчева
944 _aED
_c06.03.2012
_l06.03.2012 - от С1,Р / 06.03.2012
_k
999 _c122707
_d122707